000 00325nam a2200133 i 4500
001 bg
100 1 _aPANKOVE, Jacgues I.
245 0 _aOpticeske procesy v poluprovodnikach /
_cJacgues I. Pankove.
260 _aMoskva,
_c1973.
040 _cBPK
041 _apol
942 _cKS
008 s pl f |000 0 pol
999 _c25805
_d25805
856 _uhttp://koha.tu.koszalin.pl/cgi-bin/koha/opac-detail.pl?biblionumber=25805
_yKatalog online BPK